All P!nk Songs - Statistics

General Stats
  • This quiz has been taken 25 times
  • The average score is 47 of 158
Answer Stats
Answer % Correct
Funhouse So What
86%
Missundaztood Missundaztood
71%
I'm Not Dead Who Knew
71%
Missundaztood Get The Party Started
67%
Trustfall Trustfall
67%
The Truth About Love Try
67%
I'm Not Dead U + Ur Hand
67%
Beautiful Trauma Beautiful Trauma
62%
The Truth About Love Blow Me (One Last Kiss)
62%
Funhouse Funhouse
62%
Greatest Hits... So Far!!! Raise Your Glass
62%
Can't Take Me Home Can't Take Me Home
57%
Missundaztood Don't Let Me Get Me
57%
Missundaztood Family Portrait
57%
Greatest Hits... So Far!!! Fuckin' Perfect
57%
Try This God Is A DJ
57%
The Truth About Love Just Give Me A Reason (ft Nate Ruess)
57%
Missundaztood Just Like A Pill
57%
Alice Through The Looking Glass Just Like Fire
57%
Can't Take Me Home Most Girls
57%
Funhouse Sober
57%
I'm Not Dead Stupid Girls
57%
Can't Take Me Home There You Go
57%
Beautiful Trauma What About Us
57%
The Truth About Love The Truth About Love
52%
The Truth About Love True Love (ft Lily Allen)
52%
The Greatest Showman: Reimagined A Million Dreams
48%
All I Know So Far: Setlist Cover Me In Sunshine (with Willow Sage Hart_
48%
Charlie's Angels: Full Throttle | Try This Feel Good Time
48%
Funhouse Glitter In The Air
48%
Funhouse Please Don't Leave Me
48%
Try This Trouble
48%
Hurts 2B Human Walk Me Home
48%
Missundaztood 18 Wheeler
43%
All I Know So Far: Setlist All I Know So Far
43%
Funhouse Bad Influence
43%
Beautiful Trauma Barbies
43%
Funhouse I Don't Believe You
43%
The Truth About Love Slut Like You
43%
Can't Take Me Home You Make Me Sick
43%
The Truth About Love Are We All We Are
38%
I'm Not Dead Dear Mr President (ft Indigo Girls)
38%
The Truth About Love Here Comes The Weekend (ft Eminem)
38%
Hurts 2B Human Hustle
38%
I'm Not Dead I'm Not Dead
38%
Single Lady Marmalade (Christina Aguilera, Lil' Kim, Mya & Pink)
38%
Try This Last To Know
38%
Missundaztood Numb
38%
The Truth About Love Run (Bonus Track)
38%
The Ellen DeGeneres Show Today's The Day
38%
The Truth About Love Walk Of Shame
38%
Funhouse Ave Mary A
33%
Hurts 2B Human Can We Pretend (ft Cash Cash)
33%
Try This Hooker (Hidden Track)
33%
Missundaztood My Vietnam
33%
I'm Not Dead Nobody Knows
33%
Beautiful Trauma Revenge (ft Eminem)
33%
Beautiful Trauma Secrets
33%
Can't Take Me Home Split Personality
33%
Beautiful Trauma Whatever You Want
33%
Beautiful Trauma Wild Hearts Can't Be Broken
33%
The Truth About Love Beam Me Up
29%
Funhouse Crystal Ball
29%
I'm Not Dead Cuz I Can
29%
Missundaztood Gone To California
29%
Hurts 2B Human Happy
29%
Greatest Hits... So Far!!! Heartbreak Down
29%
Can't Take Me Home Hiccup
29%
I'm Not Dead I Got Money Now
29%
I'm Not Dead Leave Me Alone (I'm Lonely)
29%
I'm Not Dead Long Way To Happy
29%
Funhouse Mean
29%
Trustfall Never Gonna Not Dance Again
29%
I'm Not Dead | Trustfall Runaway
29%
Funhouse This Is How It Goes Down (ft Travie McCoy) (Bonus Track)
29%
Trustfall Turbulence
29%
Missundaztood Catch 22
24%
Try This Catch Me While I'm Sleeping
24%
Hurts 2B Human Circle Game
24%
I'm Not Dead Conversations With My 13 Year Old Self
24%
Missundaztood Dear Diary
24%
The Truth About Love Good Old Days (Bonus Track)
24%
Can't Take Me Home Hell Wit Ya
24%
The Truth About Love How Come You're Not Here?
24%
Try This Humble Neighbourhoods
24%
Trustfall Kids In Love (ft First Aid Kit)
24%
Missundaztood Lonely Girl (ft Linda Perry)
24%
Try This Love Song
24%
Missundaztood Misery (ft Steven Tyler)
24%
The Truth About Love My Signature Move (Bonus Track)
24%
Funhouse One Foot Wrong
24%
Can't Take Me Home Private Show
24%
Missundaztood Respect (ft Scratch)
24%
Trustfall Dreaming (ft Sting & Marshmello) (Bonus Track)
19%
Missundaztood Eventually
19%
Trustfall Hate Me
19%
Hurts 2B Human Hurts 2B Human (ft Khalid)
19%
Beautiful Trauma I Am Here
19%
Can't Take Me Home Is It Love
19%
The Truth About Love Is This Thing On? (Bonus Track)
19%
Funhouse It's All Your Fault
19%
Trustfall Just Say I'm Sorry (ft Chris Stapleton)
19%
The Truth About Love The Great Escape
19%
The Truth About Love The King Is Dead But The Queen Is Alive (Bonus Track)
19%
Try This Tonight's The Night
19%
Try This Try Too Hard
19%
Try This Unwind
19%
Trustfall When I Get There
19%
The Truth About Love Where Did The Beat Go?
19%
Beautiful Trauma You Get My Love
19%
Hurts 2B Human 90 Days (ft Wrabel)
14%
Beautiful Trauma Better Life
14%
Funhouse Boring (Bonus Track)
14%
Happy Feet Two Bridge Of Light
14%
Beautiful Trauma But We Lost It
14%
The Truth About Love Chaos & Piss (Bonus Track)
14%
Can't Take Me Home Do What U Do
14%
I'm Not Dead Fingers (Bonus Track)
14%
Beautiful Trauma For Now
14%
Single Irrelevant
14%
Trustfall Last Call
14%
Can't Take Me Home Let Me Let You Know
14%
Trustfall Long Way To Go (ft The Lumineers)
14%
Trustfall Lost Cause
14%
Can't Take Me Home Love Is Such A Crazy Thing
14%
Hurts 2B Human Love Me Anyway (ft Chris Stapleton)
14%
Hurts 2B Human My Attic
14%
The Speed Of Now Part 1 One Too Many (Keith Urban & P!nk)
14%
Trustfall Our Song
14%
Try This Save My Life
14%
Can't Take Me Home Stop Falling
14%
Try This Waiting For Love
14%
Try This Walk Away
14%
Single Waterfall (Stargate ft P!nk & Sia)
14%
Beautiful Trauma Where We Go
14%
Trustfall All Out Of Fight (Bonus Track)
10%
I'm Not Dead Centerfold (Bonus Track)
10%
Funhouse Could've Had Everything (Bonus Track)
10%
Hurts 2B Human Courage
10%
Trustfall Feel Something
10%
I'm Not Dead Heartbreaker
10%
Hurts 2B Human (Hey Why) Miss You Sometime
10%
I'm Not Dead I Have Seen The Rain (ft Jim Moore)
10%
Try This Oh My God (ft Peaches)
10%
Cosmic Hallelujah Setting The World On Fire (Kenny Chesney ft P!nk)
10%
Hurts 2B Human The Last Song Of Your Life
10%
I'm Not Dead The One That Got Away
10%
Hurts 2B Human We Could Have It All
10%
Funhouse Why Did I Ever Like You (Bonus Track)
10%
I'm Not Dead Crash & Burn (Bonus Track)
5%
Try This Delirium (Japanese Bonus Track)
5%
Try This Free (Japanese Bonus Track)
5%
Hurts 2B Human More (Bonus Track)
5%
Funhouse Push You Away (Bonus Track)
5%
The Truth About Love Timebomb (Bonus Track)
5%
Beautiful Trauma White Rabbit (Bonus Track)
5%
No matching quizzes found
Score Distribution
Percent of People with Each Score
Percentile by Number Answered
Your Score History
You have not taken this quiz